[Event "DEM U16w 2019"]
[Site "Willingen GER"]
[Date "2019.06.12"]
[Round "6"]
[White "Sinnhöfer, Lilian"]
[Black "Dietz, Helena"]
[Result "1/2-1/2"]
[Termination "normal"]
[Board "12"]
[WhiteElo "1396"]
[BlackElo "1534"]
[WhiteClock "00:07:02"]
[BlackClock "00:06:04"]
[PlyCount "107"]
[WhiteFideId "12977586"]
[BlackFideId "16239016"]
[EventCountry "GER"]
[EventRounds "9"]
[EventType "swiss"]
[EventDate "2019.06.08"]

1. e4 {[%clk 1:30:58]} 1... d6 {[%clk 1:30:51]} 2. d4 {[%clk 1:31:23]} 2... Nf6
{[%clk 1:31:14]} 3. Nc3 {[%clk 1:31:13]} 3... g6 {[%clk 1:31:29]} 4. g3 { [%clk
1:30:26]} 4... Bg7 {[%clk 1:31:13]} 5. Bg2 {[%clk 1:29:31]} 5... O-O { [%clk
1:31:09]} 6. h3 {[%clk 1:26:54]} 6... Nbd7 {[%clk 1:29:29]} 7. Nf3 { [%clk
1:24:25]} 7... e5 {[%clk 1:27:54]} 8. O-O {[%clk 1:20:23]} 8... Re8 { [%clk
1:22:08]} 9. Be3 {[%clk 1:13:32]} 9... exd4 {[%clk 1:17:09]} 10. Nxd4 { [%clk
1:11:42]} 10... Nc5 {[%clk 1:15:45]} 11. Bg5 {[%clk 1:01:11]} 11... h6 { [%clk
1:14:19]} 12. Bxf6 {[%clk 0:56:56]} 12... Bxf6 {[%clk 1:08:02]} 13. Re1 { [%clk
0:53:47]} 13... Ne6 {[%clk 1:01:58]} 14. Nxe6 {[%clk 0:43:32]} 14... Bxe6
{[%clk 1:00:31]} 15. f4 {[%clk 0:38:31]} 15... Bg7 {[%clk 0:53:18]} 16. Qd3 {
[%clk 0:26:36]} 16... c6 {[%clk 0:45:13]} 17. Rad1 {[%clk 0:21:42]} 17... Qb6+
{[%clk 0:42:49]} 18. Re3 {[%clk 0:17:24]} 18... Qxb2 {[%clk 0:38:56]} 19. Rb1 {
[%clk 0:15:09]} 19... Qxc3 {[%clk 0:37:30]} 20. Qxc3 {[%clk 0:15:17]} 20...
Bxc3 {[%clk 0:37:27]} 21. Rxc3 {[%clk 0:15:42]} 21... Re7 {[%clk 0:34:38]} 22.
a3 {[%clk 0:14:52]} 22... Rd8 {[%clk 0:32:09]} 23. Rd3 {[%clk 0:12:55]} 23...
Red7 {[%clk 0:22:10]} 24. Kf2 {[%clk 0:11:23]} 24... b6 {[%clk 0:15:38]} 25.
Rbd1 {[%clk 0:08:04]} 25... h5 {[%clk 0:13:09]} 26. Rc3 {[%clk 0:06:24]} 26...
Rc8 {[%clk 0:12:07]} 27. Rcd3 {[%clk 0:04:59]} 27... Rcd8 {[%clk 0:11:34]} 28.
Rc3 {[%clk 0:05:03]} 28... c5 {[%clk 0:11:49]} 29. Rcd3 {[%clk 0:04:53]} 29...
Kg7 {[%clk 0:10:48]} 30. Ke3 {[%clk 0:02:49]} 30... f5 {[%clk 0:09:27]} 31. e5
{[%clk 0:02:25]} 31... d5 {[%clk 0:06:37]} 32. c3 {[%clk 0:02:13]} 32... Kh6 {
[%clk 0:05:17]} 33. h4 {[%clk 0:02:19]} 33... a6 {[%clk 0:04:03]} 34. a4 {
[%clk 0:01:50]} 34... b5 {[%clk 0:03:24]} 35. axb5 {[%clk 0:02:17]} 35... axb5
{[%clk 0:03:49]} 36. Rb1 {[%clk 0:02:30]} 36... d4+ {[%clk 0:03:53]} 37. cxd4 {
[%clk 0:02:33]} 37... cxd4+ {[%clk 0:03:53]} 38. Kf2 {[%clk 0:02:51]} 38... Bc4
{[%clk 0:03:52]} 39. Rd2 {[%clk 0:02:59]} 39... Rc7 {[%clk 0:03:03]} 40. Bf1 {
[%clk 0:01:48]} 40... Ra7 {[%clk 0:02:28]} 41. Rbd1 {[%clk 0:00:43]} 41... Rad7
{[%clk 0:21:52]} 42. Bxc4 {[%clk 0:23:51]} 42... bxc4 {[%clk 0:19:55]} 43. e6 {
[%clk 0:23:48]} 43... c3 {[%clk 0:16:04]} 44. exd7 {[%clk 0:22:56]} 44... cxd2
{[%clk 0:16:20]} 45. Rxd2 {[%clk 0:22:56]} 45... Rxd7 {[%clk 0:16:36]} 46. Ke2
{[%clk 0:22:47]} 46... Re7+ {[%clk 0:16:38]} 47. Kf2 {[%clk 0:22:55]} 47... Re4
{[%clk 0:16:09]} 48. Re2 {[%clk 0:20:56]} 48... Kg7 {[%clk 0:15:35]} 49. Ra2 {
[%clk 0:18:33]} 49... Kf7 {[%clk 0:13:53]} 50. Ra6 {[%clk 0:11:25]} 50... Re6 {
[%clk 0:12:47]} 51. Ra4 {[%clk 0:10:41]} 51... Rd6 {[%clk 0:12:26]} 52. Ke2 {
[%clk 0:10:03]} 52... Ke6 {[%clk 0:05:42]} 53. Kd3 {[%clk 0:07:28]} 53... Rb6 {
[%clk 0:06:04]} 54. Ra3 {[%clk 0:07:02]} 1/2-1/2

[Event "DEM U16w 2019"]
[Site "Willingen GER"]
[Date "2019.06.12"]
[Round "6"]
[White "Zell, Hannah"]
[Black "Genova, Magdalina"]
[Result "1-0"]
[Termination "normal"]
[Board "13"]
[WhiteElo "1494"]
[BlackElo "1421"]
[WhiteClock "00:01:10"]
[BlackClock "00:02:32"]
[PlyCount "147"]
[WhiteFideId "16208900"]
[BlackFideId "2919753"]
[EventCountry "GER"]
[EventRounds "9"]
[EventType "swiss"]
[EventDate "2019.06.08"]

1. e4 {[%clk 1:30:57]} 1... c5 {[%clk 1:30:55]} 2. Nf3 {[%clk 1:31:21]} 2... d6
{[%clk 1:31:20]} 3. Bb5+ {[%clk 1:31:47]} 3... Nd7 {[%clk 1:31:26]} 4. O-O {
[%clk 1:32:01]} 4... Ngf6 {[%clk 1:29:06]} 5. Re1 {[%clk 1:32:24]} 5... a6 {
[%clk 1:27:55]} 6. Bd3 {[%clk 1:32:47]} 6... b5 {[%clk 1:24:13]} 7. c4 { [%clk
1:32:37]} 7... b4 {[%clk 1:14:56]} 8. a3 {[%clk 1:31:22]} 8... bxa3 { [%clk
0:59:37]} 9. Rxa3 {[%clk 1:28:41]} 9... Bb7 {[%clk 0:56:15]} 10. Nc3 { [%clk
1:25:26]} 10... e6 {[%clk 0:56:20]} 11. Bc2 {[%clk 1:20:18]} 11... Be7 { [%clk
0:49:22]} 12. d3 {[%clk 1:15:58]} 12... Nb6 {[%clk 0:47:33]} 13. Na4 { [%clk
1:08:26]} 13... O-O {[%clk 0:43:40]} 14. Bd2 {[%clk 1:04:46]} 14... Nxa4 {[%clk
0:35:23]} 15. Bxa4 {[%clk 1:04:30]} 15... d5 {[%clk 0:24:02]} 16. exd5 { [%clk
0:46:36]} 16... exd5 {[%clk 0:24:19]} 17. Ba5 {[%clk 0:43:55]} 17... Qd6 {[%clk
0:18:46]} 18. Rb3 {[%clk 0:42:22]} 18... Rab8 {[%clk 0:17:20]} 19. Rb6 { [%clk
0:41:04]} 19... Qc7 {[%clk 0:15:43]} 20. Rxa6 {[%clk 0:36:27]} 20... Qc8 {[%clk
0:15:18]} 21. Rb6 {[%clk 0:33:13]} 21... Bd8 {[%clk 0:14:40]} 22. Rb5 { [%clk
0:33:16]} 22... Bxa5 {[%clk 0:14:32]} 23. Rxa5 {[%clk 0:33:35]} 23... Qc7
{[%clk 0:13:58]} 24. Rb5 {[%clk 0:33:02]} 24... Bc6 {[%clk 0:13:21]} 25. Rxb8 {
[%clk 0:32:57]} 25... Rxb8 {[%clk 0:13:20]} 26. Bxc6 {[%clk 0:33:07]} 26...
Qxc6 {[%clk 0:13:47]} 27. Qc2 {[%clk 0:32:40]} 27... Qb6 {[%clk 0:11:26]} 28.
Re2 {[%clk 0:32:04]} 28... h6 {[%clk 0:11:13]} 29. g3 {[%clk 0:31:17]} 29...
Qb7 {[%clk 0:10:39]} 30. Ne5 {[%clk 0:28:53]} 30... Re8 {[%clk 0:10:21]} 31.
Ng4 {[%clk 0:22:22]} 31... Rxe2 {[%clk 0:02:35]} 32. Nxf6+ {[%clk 0:22:42]}
32... gxf6 {[%clk 0:02:58]} 33. Qxe2 {[%clk 0:23:07]} 33... dxc4 { [%clk
0:01:43]} 34. dxc4 {[%clk 0:23:27]} 34... Qb4 {[%clk 0:01:15]} 35. Qc2 { [%clk
0:21:34]} 35... Qe1+ {[%clk 0:01:32]} 36. Kg2 {[%clk 0:21:57]} 36... Qe5 {[%clk
0:01:50]} 37. f4 {[%clk 0:20:15]} 37... Qd6 {[%clk 0:02:11]} 38. Kf3 { [%clk
0:18:39]} 38... Kg7 {[%clk 0:01:37]} 39. h4 {[%clk 0:16:24]} 39... Qc6+ { [%clk
0:01:20]} 40. Qe4 {[%clk 0:13:39]} 40... Qb6 {[%clk 0:01:12]} 41. Qe2 { [%clk
0:09:30]} 41... Qc6+ {[%clk 0:29:39]} 42. Ke3 {[%clk 0:38:32]} 42... Qe6+
{[%clk 0:26:09]} 43. Kd3 {[%clk 0:37:31]} 43... Qd7+ {[%clk 0:25:55]} 44. Kc3 {
[%clk 0:36:52]} 44... Qd4+ {[%clk 0:25:48]} 45. Kb3 {[%clk 0:36:34]} 45... Qd6
{[%clk 0:25:55]} 46. Kc2 {[%clk 0:35:49]} 46... Qc6 {[%clk 0:24:56]} 47. Qd3 {
[%clk 0:34:18]} 47... Qa4+ {[%clk 0:23:23]} 48. Kd2 {[%clk 0:30:42]} 48... Qa5+
{[%clk 0:23:18]} 49. Qc3 {[%clk 0:29:10]} 49... Qd8+ {[%clk 0:23:33]} 50. Ke3 {
[%clk 0:27:28]} 50... Qe7+ {[%clk 0:22:42]} 51. Kf2 {[%clk 0:24:59]} 51... Qd6
{[%clk 0:22:46]} 52. b3 {[%clk 0:24:29]} 52... Qe7 {[%clk 0:22:54]} 53. Qd3 {
[%clk 0:21:41]} 53... Qa7 {[%clk 0:23:07]} 54. Ke3 {[%clk 0:19:04]} 54... Qb6 {
[%clk 0:21:04]} 55. f5 {[%clk 0:17:45]} 55... Qc7 {[%clk 0:20:50]} 56. Kf3 {
[%clk 0:16:51]} 56... Qb7+ {[%clk 0:19:39]} 57. Kg4 {[%clk 0:15:57]} 57... Qe7
{[%clk 0:16:02]} 58. Qf3 {[%clk 0:13:46]} 58... Qd6 {[%clk 0:12:56]} 59. Kh5 {
[%clk 0:12:18]} 59... Kh7 {[%clk 0:11:11]} 60. Qe3 {[%clk 0:10:25]} 60... Qf8 {
[%clk 0:10:25]} 61. g4 {[%clk 0:09:50]} 61... Qd6 {[%clk 0:08:43]} 62. Qxh6+ {
[%clk 0:09:45]} 62... Kg8 {[%clk 0:09:09]} 63. Qe3 {[%clk 0:09:24]} 63... Qd4 {
[%clk 0:08:20]} 64. Qf3 {[%clk 0:09:19]} 64... Qd8 {[%clk 0:08:22]} 65. g5 {
[%clk 0:09:19]} 65... Kg7 {[%clk 0:03:01]} 66. gxf6+ {[%clk 0:09:04]} 66...
Qxf6 {[%clk 0:03:16]} 67. Kg4 {[%clk 0:06:42]} 67... Qd4+ {[%clk 0:03:27]} 68.
Kg3 {[%clk 0:05:34]} 68... Qg1+ {[%clk 0:03:34]} 69. Kh3 {[%clk 0:05:29]} 69...
Qd4 {[%clk 0:03:21]} 70. Qg4+ {[%clk 0:01:06]} 70... Kf6 {[%clk 0:02:41]} 71.
Kg3 {[%clk 0:00:59]} 71... Qg1+ {[%clk 0:02:36]} 72. Kf3 {[%clk 0:01:12]} 72...
Qd1+ {[%clk 0:02:37]} 73. Kf4 {[%clk 0:00:52]} 73... Qxb3 {[%clk 0:02:32]} 74.
Qg5# {[%clk 0:01:10]} 1-0